000 00651nam a2200217Ia 4500
005 20250508165338.0
008 008 250505s9999 xx 000 0 eng d
020 _a978-93-80607-98-6
037 _aReference
040 _aFEDL
_beng
_cFEDL
041 _aeng
_2eng
084 _a331.34, PRI/RR
_qFEDL
100 _aPrice Robin Ed.
_9780562
245 0 _aYoung people and work
260 _aFarnham, England
_bAshgate Publishing Limited
_c2011
300 _axviii, 291p.
365 _aGBP
_b70
700 _a McDonald Paula Ed. Bailey Janis and others Ed.
_9780563
942 _cREF
_h331.34, PRI/RR
999 _c1394590
_d1394590